000 00233nam a2200097Ia 4500
008 220204s9999 xx 000 0 und d
100 _aJacob, C K
245 0 _aFolk tales of Kerala
260 _aNew Delhi
_bSterling
_c1977
942 _cBK
999 _c32489
_d32489